000 00234cam a2200109ua 4500
082 _a894.812308
_bKRA/PA
100 _aPrasannan Mullasseri, G .
_91728
245 _aPalattu Koman /
250 _a1 /
300 _a171 ; .
942 _cBK
999 _c6646
_d6646